000 00549nam a22001817a 4500
003 CEME
005 20210628202107.0
008 210419b xxu||||| |||| 00| 0 eng d
020 _a0-471-91705-2
040 _c.
082 _a621.3819582 WAK'L
100 _aWakenberg, John F
_958247
245 _aLogic design projects using standard integrated circuits
260 _aNEWYORK
_bJOHN WILEY
_c1976
300 _a203P
650 _aDIGITAL ELECTRONICS LABORATORY MANUAL GRATED CIRCUITS LOGIC DESIGN INTEGRATED CIRCUITS
_958248
942 _cBK
_2ddc
999 _c568445
_d568445